Statistiques concernant Discographie de Vianney

Cliquez ici pour prendre le quiz!

Statistiques générales

  • Ce quiz a été pris 37 fois
  • Le résultat moyen est 44 sur 71

Statistiques - réponses

HintRéponse% Correct
14Beau-papa
93%
05Beau-papa
93%
06Dumbo
93%
03Dumbo
93%
03Pas là
93%
09Pas là
93%
11Je m'en vais
86%
02Je m'en vais
86%
06Je te déteste
86%
07Je te déteste
86%
04N'attendons pas
86%
08Veronica
86%
15Véronica
86%
02Veronica
86%
21La même
79%
12La même
79%
24Les filles d'aujourd'hui
79%
13Les filles d'aujourd'hui
79%
09Les imbéciles
79%
12Les imbéciles
79%
03Mode
79%
02Pour de vrai
79%
06La fille du sud
71%
05Moi aimer toi
71%
15Caroline
64%
07J'm'en fous
64%
04J'm'en fous
64%
06Le fils à papa
64%
08Le fils à papa
64%
11Le galopin
64%
13Le galopin
64%
10Pardonnez-moi
64%
01Sans le dire
64%
01Sans le dire
64%
04Tombe la neige
64%
01Aux débutants de l'amour
57%
17Emma
57%
07Funambule
57%
08J'ai essayé
57%
07Labello
57%
16Les gens sont méchants
57%
05Les gens sont méchants
57%
09Les gens sont méchants
57%
01Merci pour ça
57%
12Mon étoile
57%
13Nos lendemains
57%
04On est bien comme ça
57%
11Tout nu dans la neige
57%
23Allez reste
50%
05Chanson d'hiver
50%
16Dabali
50%
14Lean on
50%
17Puisque tu pars
50%
03Quand je serai père
50%
09Quand je serai père
50%
02Tu le sais
50%
22Chanson sur ma drôle de vie
43%
10L'homme et l'âme
43%
10L'homme et l'âme
43%
16Ma force
43%
10Notre-Dame des Oiseaux
43%
08Oublie-moi
43%
15Parce-que c'est toi
43%
18Quand j'étais chanteur
43%
19Si on chantait
36%
11Tout seul
36%
14J'ai oublié de vivre
29%
25Rive gauche
29%
18Vie varda
29%
20Turn your lights down low
21%
26Un peu de ton amour
21%

Distribution des résultats

Percentile par nombre de réponses

% des personnes avec chaque résultat

Votre développement - résultats

Vous n’avez pas pris ce quiz